000 00836cam a22002897a 4500
003 CHAP
005 20220329134901.0
008 971013s1975 r 00010 d
010 _a27466
011 _a28438
035 _a32542
040 _cCHAP
082 _a577
_bK4Y 1968
100 0 0 _aKeosian, John.
_963074
245 1 3 _aEl origen de la vida
260 _aMadrid :
_bAlhambra,
_c1975
300 _a130 p.
_b: ilus.
490 0 _aExedra
_v; 43
590 _aBATCH-UPD
_b10
_c20130110
_lUCH01
_h2046
590 _aCONVERSION
_b10
_c20130109
_lUCH01
_h1316
650 1 4 _aVida
_xOrigen.
_9119147
830 0 _aExedra
_v; 43
_939042
901 _aBK
942 _cLIBRO
949 _a577 K4Y 1968
_bBC
_cLIBRO
_d-75832
_eLIBRO
_h48285
_i32542
_si
_t151.00
949 _a577 K4Y 1968
_bBC
_cLIBRO
_d-75834
_eLIBRO
_fc.2
_h48286
_i32542
_si
_t151.00
999 _c27466
_d27466